Ngữ pháp tiếng Anh hiện đại (Song ngữ Anh - Việt): Sách ngữ pháp tiếng Anh đầy đủ và dẽ hiểu dành cho sinh viên Việt Nam = Modern English grammar

Αποθηκεύτηκε σε:
Λεπτομέρειες βιβλιογραφικής εγγραφής
Κύριος συγγραφέας: Nguyễn Văn Ân
Μορφή: Βιβλίο
Γλώσσα:Undetermined
Έκδοση: Tp. HCM ĐHQG 2003
Θέματα:
Ετικέτες: Προσθήκη ετικέτας
Δεν υπάρχουν, Καταχωρήστε ετικέτα πρώτοι!
Thư viện lưu trữ: Trung tâm Học liệu Trường Đại học Cần Thơ
LEADER 00689nam a2200205Ia 4500
001 CTU_57023
008 210402s9999 xx 000 0 und d
020 |b 152000 
082 |a 425 
082 |b Â121 
100 |a Nguyễn Văn Ân 
245 0 |a Ngữ pháp tiếng Anh hiện đại (Song ngữ Anh - Việt): Sách ngữ pháp tiếng Anh đầy đủ và dẽ hiểu dành cho sinh viên Việt Nam = 
245 0 |b Modern English grammar 
245 0 |c Nguyễn Văn Ân 
260 |a Tp. HCM 
260 |b ĐHQG 
260 |c 2003 
650 |a english language 
650 |x grammar 
980 |a Trung tâm Học liệu Trường Đại học Cần Thơ